00588nam a22001812 4500001001100000005001700011008004100028020001700069040001500086100004000101245009100141250001300232260003800245300002000283650004400303650005600347852000300403000002429120151217145947.0130625s xx 000 0 eng d a9966792105 : aKABUcKABU1 aKabira, Wanjiku Mukabi.@000016163610aTime for harvest :bwomen and constitutional making in Kenya /cWanjiku Mukabi Kabira. a1st ed. aNairobi :bU. O. N. Press,c2012. axxxiii, 430 p. 0aWomenxCivil rightszKenya.@0000184285 0aWomenxLegal status, laws, etc.zKenya.@00001842861